Wer hat mehr Einwohner? (2) - Statistiken

Allgemein
  • Dieses Quiz wurde 310 mal gespielt
  • Das Durchschnittsergebnis liegt bei 10 aus 16
Antwortstatistiken
Frage Antwort % Korrekt
Wer hat mehr Einwohner? Ungarn
100%
Wer hat mehr Einwohner? Aserbaidschan
94%
Wer hat mehr Einwohner? Schweden
88%
Wer hat mehr Einwohner? Syrien
88%
Wer hat mehr Einwohner? Luxemburg
76%
Wer hat mehr Einwohner? Europäische Union
71%
Wer hat mehr Einwohner? Honduras
71%
Wer hat mehr Einwohner? Schweiz
71%
Wer hat mehr Einwohner? Ghana
59%
Wer hat mehr Einwohner? Somalia
59%
Wer hat mehr Einwohner? Chile
53%
Wer hat mehr Einwohner? Nordkorea
53%
Wer hat mehr Einwohner? Irak
41%
Wer hat mehr Einwohner? Spanien
41%
Wer hat mehr Einwohner? Neuseeland
29%
Wer hat mehr Einwohner? Österreich
18%
Keine übereinstimmenden Quizze gefunden
Verteilung der Resultate
Anzahl Personen mit jedem Resultat
Perzentil nach korrekt beantworteten Fragen
Ihre Resultats-Entwicklung
Sie haben dieses Quiz noch nicht gespielt